000 03234nam0a2200385 4500
001 RU\NLR\BIBL_A\012731531
005 20220425112722.0
010 _a978-5-4446-1581-2
_9100
021 _aRU
_bКН-П-21-083412
_9КН-П-21-6650
035 _a(NLR Aleph) 012731531
035 _a(RuMoRGB)010897102
090 _a12973604
_c12973604
100 _a20220316d2021 k y0rusy50 ca
101 0 _arus
_deng
102 _aRU
105 _a |||z|||100zy
181 0 _ai3
_baxxe
182 0 _an
200 1 _aКирилло-Мефодиевские чтения: традиции и современность
_eсборник научных статей по материалам II межвузовской научно-практической конференции с международным участием (Липецк, 24 мая 2021 г.)
_fРоссийская академия народного хозяйства и государственной службы при Президенте Российской Федерации, Липецкий филиал, Липецкое отделение межрегиональной просветительской общественной организации "Объединение православных ученых"
_gпод общей редакцией доктора технических наук, профессора В.Н. Малыша, кандидата экономических наук, доцента А.С. Шуруповой
203 _aТекст
_bвизуальный
_cнепосредственный
210 _aВоронеж
_cНаучная книга
_d2021
215 _a110 с.
_cил., табл.
_d21
300 _aРез. англ.
320 _aБиблиогр. в конце ст.
330 _aМатериалы сборника отражают исторические, филологические, культурологические, методические аспекты духовно-социальных практик, рассмотренных в контексте кирилло-мефодиевского наследия. Для ученых, преподавателей, специалистов-практиков, аспирантов, студентов
606 1 _aСлавянская филология
_jСъезды, совещания и т.п
_2nlr_sh1
_2nlr_sh2
_3RU\NLR\AUTH\66147942
686 1 _aШ041я431
702 1 _aМалыш
_bВ. Н.
_gВладимир Николаевич
_4340
711 1 2 _a"Кирилло-Мефодиевские чтения: традиции и современность", межвузовская научно-практическая конференция с международным участием
_d2
_f2021
_eЛипецк
_3RU\NLR\AUTH\880561762
712 0 2 _aРоссийская академия народного хозяйства и государственной службы
_bЛипецкий филиал
_3RU\NLR\AUTH\880465609
_4475
942 _cBOOK
980 _aNB